| 000 | 00491nam a2200181Ia 4500 | ||
|---|---|---|---|
| 001 | 23669 | ||
| 005 | 20260414150952.0 | ||
| 008 | 260414t2016||||xx |||||||||||||| ||spa|| | ||
| 041 | _aESP | ||
| 082 |
_a690 _bM84 |
||
| 100 |
_aOlmedo Montoya Vallecilla, Jorge _eAUT |
||
| 245 | 0 |
_aPlaneación, programación y control de obras de construcción : _bcon MS Project 2016 |
|
| 260 | _c2016 | ||
| 300 |
_a284 páginas : _c23 cm. |
||
| 650 | _a0 | ||
| 654 | _aCIC | ||
| 942 |
_cLIB _dJUS _fJUS _2ddc _n |
||
| 999 |
_c23669 _d23669 |
||